000 00567nam a22001817a 4500
005 20251108165414.0
008 250721s1981 xx 000 0 ara d
082 1 4 _aم/213.3/حمد
100 1 _aالسلفي، حمدي عبد المجيد
245 1 0 _aمرشد المحتار :
_bإلى مسند الإمام أحمد بن حنبل من الأحاديث و الآثار /
264 1 _aبغداد :
_c1981.
300 _a
650 1 7 _aالإسلام
650 1 7 _aالحيث الشريف
650 1 7 _aفهارس
942 _2ddc
_cREF
999 _c27146
_d27146